| 000 | 00502nam a22001577a 4500 | ||
|---|---|---|---|
| 005 | 20231107121310.0 | ||
| 008 | 231107b |||||||| |||| 00| 0 eng d | ||
| 041 | _aEnglish | ||
| 082 | _a346.43 PEN | ||
| 100 |
_aPenny, P _lEnglish |
||
| 245 |
_aEconomic and Legal Aspects of Real Estate in South Africa / _cP Penny |
||
| 260 |
_aCape Town : _bJuta and Company Ltd, _c1970 |
||
| 300 |
_bxiv, 153 pages ; _c26 cm. |
||
| 650 |
_aLegal practice _bLaw |
||
| 942 |
_cBK _6ALISON_BN_VRIES |
||
| 999 |
_c370 _d370 |
||